| 000 | 00678cab a2200217 4500 | ||
|---|---|---|---|
| 001 | WB3401-80 | ||
| 008 | 090401t1998 xxu||||| |||| 00| 0 eng d | ||
| 035 | _a(Sirsi) u82786 | ||
| 041 | _aeng | ||
| 245 | _aNew name for Savills | ||
| 260 | _c1998 | ||
| 350 | _a0 | ||
| 490 |
_aEstate Agency News _vDecember 1997/January 1998, 3(1) |
||
| 520 | _aSavills is to become FPD Savills from January 1998, following the sale of 20% of their shares to First Pacific Davies. | ||
| 650 | _aCHARTERED SURVEYING FIRMS | ||
| 650 | _aFIRST PACIFIC DAVIES | ||
| 650 | _aSAVILLS | ||
| 690 | _aMANAGEMENT-BUSINESS MANAGEMENT-PROFESSIONAL PRACTICE | ||
| 942 | _n0 | ||
| 948 | _c18/12/1997 | ||
| 999 |
_c52288 _d52288 |
||